Statistics for 2022 Port Adelaide Power AFL Team Quiz

Click here to take the quiz!

General Stats

  • This quiz has been taken 141 times
  • The average score is 22 of 43

Answer Stats

No.Player Name% Correct
22Charlie Dixon
94%
10Travis Boak
92%
20Connor Rozee
90%
18Zak Butters
88%
1Tom Jonas
85%
16Ollie Wines
84%
2Sam Powell-Pepper
79%
4Todd Marshall
76%
9Robbie Gray
75%
7Xavier Duursma
73%
3Ryan Burton
72%
29Scott Lycett
71%
33Darcy Byrne-Jones
68%
21Aliir Aliir
65%
5Dan Houston
63%
34Lachie Jones
59%
11Jeremy Finlayson
57%
19Mitch Georgiades
54%
12Trent Mckenzie
54%
15Karl Amon
53%
17Tom Clurey
52%
14Miles Bergman
49%
13Orazio Fantasia
49%
6Steven Motlop
48%
24Kane Farrell
44%
26Riley Bonner
44%
28Willem Drew
43%
25Sam Hayes
40%
8Josh Sinn
38%
44Jackson Mead
35%
36Jase Burgoyne
34%
27Brynn Teakle
33%
41Jed McEntee
33%
30Ollie Lord
33%
45Martin Frederick
32%
23Dylan Williams
30%
32Sam Mayes
30%
39Hugh Jackson
24%
38Dante Visentini
21%
43Trent Dumont
19%
48Jake Pasini
16%
31Sam Skinner
16%
37Taj Schofield
16%

Score Distribution

Percentile by Number Answered

Percent of People with Each Score

Your Score History

You have not taken this quiz